[Event "ODJM C 2025"]
[Site "Willingen GER"]
[Date "2025.06.13"]
[Round "8"]
[White "Eichner, Willi"]
[Black "Bathmann, Sanaa Maria"]
[Result "1-0"]
[Termination "normal"]
[Board "22"]
[WhiteElo "987"]
[BlackElo "1105"]
[WhiteClock "01:18:55"]
[BlackClock "01:18:44"]
[PlyCount "121"]
[WhiteFideId "533043787"]
[BlackFideId "34697322"]
[EventCountry "GER"]
[EventRounds "9"]
[EventType "swiss"]
[EventDate "2025.06.07"]

1. e4 {[%clk 01:30:59]} {[%emt 01:58:22]} e5 {[%clk 01:30:42]} {[%emt
00:00:18]} 2. Nf3 {[%clk 01:31:22]} {[%emt 00:00:08]} Nc6 {[%clk 01:30:58]}
{[%emt 00:00:13]} 3. Bc4 {[%clk 01:29:39]} {[%emt 00:02:13]} Bc5 {[%clk
01:30:31]} {[%emt 00:00:58]} 4. d3 {[%clk 01:29:59]} {[%emt 00:00:09]} h6
{[%clk 01:30:32]} {[%emt 00:00:29]} 5. Nc3 {[%clk 01:30:23]} {[%emt 00:00:06]}
Nf6 {[%clk 01:30:57]} {[%emt 00:00:03]} 6. Be3 {[%clk 01:30:46]} {[%emt
00:00:08]} Bb6 {[%clk 01:31:07]} {[%emt 00:00:20]} 7. Qd2 {[%clk 01:30:34]}
{[%emt 00:00:44]} Ba5 {[%clk 01:31:17]} {[%emt 00:00:20]} 8. O-O-O {[%clk
01:30:20]} {[%emt 00:00:44]} Ng4 {[%clk 01:30:47]} {[%emt 00:01:00]} 9. h3
{[%clk 01:27:19]} {[%emt 00:03:31]} Nxe3 {[%clk 01:28:59]} {[%emt 00:02:17]}
10. fxe3 {[%clk 01:27:38]} {[%emt 00:00:11]} b6 {[%clk 01:27:09]} {[%emt
00:02:18]} 11. d4 {[%clk 01:27:53]} {[%emt 00:00:18]} Bxc3 {[%clk 01:26:06]}
{[%emt 00:01:34]} 12. Qxc3 {[%clk 01:28:09]} {[%emt 00:00:12]} exd4 {[%clk
01:25:55]} {[%emt 00:00:42]} 13. exd4 {[%clk 01:28:23]} {[%emt 00:00:16]} Na5
{[%clk 01:26:16]} {[%emt 00:00:08]} 14. Bb3 {[%clk 01:24:35]} {[%emt 00:04:20]}
Nxb3+ {[%clk 01:26:09]} {[%emt 00:00:37]} 15. Qxb3 {[%clk 01:24:56]} {[%emt
00:00:09]} Bb7 {[%clk 01:25:53]} {[%emt 00:00:34]} 16. Rhe1 {[%clk 01:22:31]}
{[%emt 00:03:05]} Qe7 {[%clk 01:25:49]} {[%emt 00:00:34]} 17. e5 {[%clk
01:20:47]} {[%emt 00:02:15]} O-O-O {[%clk 01:26:05]} {[%emt 00:00:13]} 18. Qc3
{[%clk 01:19:44]} {[%emt 00:01:34]} d6 {[%clk 01:24:29]} {[%emt 00:02:06]} 19.
exd6 {[%clk 01:19:33]} {[%emt 00:00:41]} Qxd6 {[%clk 01:24:57]} {[%emt
00:00:02]} 20. Ne5 {[%clk 01:17:08]} {[%emt 00:02:55]} h5 {[%clk 01:24:28]}
{[%emt 00:00:58]} 21. g4 {[%clk 01:16:28]} {[%emt 00:01:10]} g6 {[%clk
01:24:09]} {[%emt 00:00:50]} 22. Kb1 {[%clk 01:16:05]} {[%emt 00:00:55]} Qf6
{[%clk 01:23:34]} {[%emt 00:01:00]} 23. Rf1 {[%clk 01:15:14]} {[%emt 00:01:25]}
Qe6 {[%clk 01:21:49]} {[%emt 00:02:10]} 24. Nxf7 {[%clk 01:15:09]} {[%emt
00:00:40]} Ba6 {[%clk 01:21:08]} {[%emt 00:00:48]} 25. Nxd8 {[%clk 01:15:10]}
{[%emt 00:00:53]} Rxd8 {[%clk 01:21:10]} {[%emt 00:00:27]} 26. Rfe1 {[%clk
01:15:24]} {[%emt 00:00:16]} Qc4 {[%clk 01:21:06]} {[%emt 00:00:30]} 27. Qxc4
{[%clk 01:15:40]} {[%emt 00:00:18]} Bxc4 {[%clk 01:21:26]} {[%emt 00:00:11]}
28. Kc1 {[%clk 01:15:30]} {[%emt 00:00:39]} Bxa2 {[%clk 01:21:33]} {[%emt
00:00:23]} 29. b3 {[%clk 01:15:55]} {[%emt 00:00:05]} Rd5 {[%clk 01:21:39]}
{[%emt 00:00:22]} 30. Kb2 {[%clk 01:15:52]} {[%emt 00:00:34]} Ra5 {[%clk
01:22:06]} {[%emt 00:00:04]} 31. Ra1 {[%clk 01:16:05]} {[%emt 00:00:17]} hxg4
{[%clk 01:21:25]} {[%emt 00:01:11]} 32. hxg4 {[%clk 01:16:23]} {[%emt
00:00:11]} Rd5 {[%clk 01:21:28]} {[%emt 00:00:28]} 33. Kc3 {[%clk 01:16:23]}
{[%emt 00:00:29]} Ra5 {[%clk 01:21:36]} {[%emt 00:00:22]} 34. Kb4 {[%clk
01:16:41]} {[%emt 00:00:09]} Kd7 {[%clk 01:21:51]} {[%emt 00:00:18]} 35. Re4
{[%clk 01:17:04]} {[%emt 00:00:07]} Kd6 {[%clk 01:21:17]} {[%emt 00:01:03]} 36.
Kc3 {[%clk 01:17:27]} {[%emt 00:00:08]} c5 {[%clk 01:20:48]} {[%emt 00:00:59]}
37. dxc5+ {[%clk 01:17:41]} {[%emt 00:00:17]} Rxc5+ {[%clk 01:21:03]} {[%emt
00:00:14]} 38. Kb2 {[%clk 01:18:00]} {[%emt 00:00:10]} a5 {[%clk 01:20:50]}
{[%emt 00:00:44]} 39. Kxa2 {[%clk 01:18:16]} {[%emt 00:00:15]} Rxc2+ {[%clk
01:21:12]} {[%emt 00:00:07]} 40. Ka3 {[%clk 01:18:30]} {[%emt 00:00:16]} Kd5
{[%clk 01:21:21]} {[%emt 00:00:21]} 41. Rae1 {[%clk 01:18:15]} {[%emt
00:00:45]} b5 {[%clk 01:21:25]} {[%emt 00:00:26]} 42. Re5+ {[%clk 01:18:12]}
{[%emt 00:00:34]} Kc6 {[%clk 01:21:46]} {[%emt 00:00:09]} 43. R1e2 {[%clk
01:16:59]} {[%emt 00:01:42]} Rc1 {[%clk 01:21:01]} {[%emt 00:01:15]} 44. Kb2
{[%clk 01:16:47]} {[%emt 00:00:42]} Rd1 {[%clk 01:21:04]} {[%emt 00:00:27]} 45.
Rc2+ {[%clk 01:16:51]} {[%emt 00:00:26]} Kb6 {[%clk 01:21:13]} {[%emt
00:00:21]} 46. Re6+ {[%clk 01:17:10]} {[%emt 00:00:11]} Kb7 {[%clk 01:21:38]}
{[%emt 00:00:05]} 47. Rc5 {[%clk 01:16:53]} {[%emt 00:00:47]} b4 {[%clk
01:20:37]} {[%emt 00:01:33]} 48. Rxa5 {[%clk 01:16:32]} {[%emt 00:00:49]} Rd2+
{[%clk 01:20:40]} {[%emt 00:00:28]} 49. Kc1 {[%clk 01:16:51]} {[%emt 00:00:11]}
Rd3 {[%clk 01:20:39]} {[%emt 00:00:31]} 50. Rb5+ {[%clk 01:16:59]} {[%emt
00:00:22]} Ka7 {[%clk 01:19:03]} {[%emt 00:02:05]} 51. Rxb4 {[%clk 01:17:16]}
{[%emt 00:00:15]} Ka8 {[%clk 01:18:33]} {[%emt 00:00:58]} 52. Re7 {[%emt
00:00:47]} Rd6 {[%clk 01:18:22]} {[%emt 00:00:11]} 53. Rc4 {[%clk 01:17:29]}
{[%emt 00:00:31]} Kb8 {[%clk 01:18:35]} {[%emt 00:00:17]} 54. Rf4 {[%clk
01:17:32]} {[%emt 00:00:26]} Rc6+ {[%clk 01:18:28]} {[%emt 00:00:38]} 55. Kb2
{[%clk 01:17:53]} {[%emt 00:00:08]} Rc8 {[%clk 01:18:43]} {[%emt 00:00:15]} 56.
Rb4+ {[%clk 01:18:03]} {[%emt 00:00:21]} Ka8 {[%clk 01:18:56]} {[%emt
00:00:17]} 57. Rbb7 {[%clk 01:18:22]} {[%emt 00:00:11]} Rc7 {[%clk 01:18:36]}
{[%emt 00:00:51]} 58. Rbxc7 {[%clk 01:18:28]} {[%emt 00:00:23]} Kb8 {[%clk
01:18:47]} {[%emt 00:00:19]} 59. Rh7 {[%clk 01:18:27]} {[%emt 00:00:31]} g5
{[%clk 01:18:43]} {[%emt 00:00:34]} 60. Rcg7 {[%clk 01:18:44]} {[%emt
00:00:14]} Kc8 {[%clk 01:18:44]} {[%emt 00:00:29]} 61. Rg8# {[%clk 01:18:55]}
{[%emt 00:00:45]} 1-0

[Event "ODJM C 2025"]
[Site "Willingen GER"]
[Date "2025.06.13"]
[Round "8"]
[White "Neumann, Viktoria"]
[Black "Hempel, Christian"]
[Result "1/2-1/2"]
[Termination "normal"]
[Board "23"]
[WhiteElo "972"]
[BlackElo "1457"]
[WhiteClock "00:36:37"]
[BlackClock "00:37:26"]
[PlyCount "43"]
[WhiteFideId "34697292"]
[BlackFideId "34660470"]
[EventCountry "GER"]
[EventRounds "9"]
[EventType "swiss"]
[EventDate "2025.06.07"]

1. d4 {[%clk 01:30:57]} {[%emt 00:00:02]} d6 {[%clk 01:30:52]} {[%emt
00:00:08]} 2. e4 {[%clk 01:31:15]} {[%emt 00:00:11]} Nf6 {[%clk 01:31:00]}
{[%emt 00:00:23]} 3. Nc3 {[%clk 01:31:27]} {[%emt 00:00:17]} g6 {[%clk
01:31:16]} {[%emt 00:00:14]} 4. Be3 {[%clk 01:31:36]} {[%emt 00:00:20]} Bg7
{[%clk 01:31:34]} {[%emt 00:00:13]} 5. Qd2 {[%clk 01:31:52]} {[%emt 00:00:15]}
O-O {[%clk 01:31:30]} {[%emt 00:00:33]} 6. f3 {[%clk 01:31:52]} {[%emt
00:00:29]} Nbd7 {[%clk 01:28:52]} {[%emt 00:03:09]} 7. O-O-O {[%clk 01:32:00]}
{[%emt 00:00:22]} c5 {[%clk 01:27:35]} {[%emt 00:01:48]} 8. d5 {[%clk
01:31:24]} {[%emt 00:01:06]} a5 {[%clk 01:17:17]} {[%emt 00:10:49]} 9. g4
{[%clk 01:24:28]} {[%emt 00:07:25]} b6 {[%clk 01:06:31]} {[%emt 00:11:17]} 10.
h4 {[%clk 01:22:41]} {[%emt 00:02:15]} h5 {[%clk 01:05:13]} {[%emt 00:01:49]}
11. Be2 {[%clk 01:12:03]} {[%emt 00:11:07]} Ba6 {[%clk 01:01:33]} {[%emt
00:04:11]} 12. gxh5 {[%clk 01:07:15]} {[%emt 00:05:18]} Nxh5 {[%clk 01:01:03]}
{[%emt 00:00:59]} 13. f4 {[%clk 01:06:20]} {[%emt 00:01:25]} Ng3 {[%clk
00:58:37]} {[%emt 00:02:57]} 14. Rh3 {[%clk 01:04:11]} {[%emt 00:02:38]} Bxc3
{[%clk 00:58:12]} {[%emt 00:00:55]} 15. bxc3 {[%clk 01:02:17]} {[%emt
00:02:24]} Nxe4 {[%clk 00:55:58]} {[%emt 00:02:45]} 16. Qe1 {[%clk 01:00:36]}
{[%emt 00:02:10]} Bxe2 {[%clk 00:54:21]} {[%emt 00:02:07]} 17. Nxe2 {[%clk
01:00:00]} {[%emt 00:01:06]} b5 {[%clk 00:52:43]} {[%emt 00:02:09]} 18. f5
{[%clk 00:57:19]} {[%emt 00:03:11]} Ne5 {[%clk 00:43:36]} {[%emt 00:09:37]} 19.
fxg6 {[%clk 00:56:13]} {[%emt 00:01:35]} fxg6 {[%clk 00:43:32]} {[%emt
00:00:34]} 20. Qg1 {[%clk 00:50:13]} {[%emt 00:06:30]} Kf7 {[%clk 00:40:24]}
{[%emt 00:03:38]} 21. h5 {[%clk 00:40:43]} {[%emt 00:10:00]} gxh5 {[%clk
00:37:26]} {[%emt 00:03:28]} 22. Rxh5 {[%clk 00:36:37]} {[%emt 00:04:35]}
1/2-1/2

[Event "ODJM C 2025"]
[Site "Willingen GER"]
[Date "2025.06.13"]
[Round "8"]
[White "Trunz, Daniel"]
[Black "Lohmüller, Leona"]
[Result "1-0"]
[Termination "normal"]
[Board "24"]
[WhiteElo "1495"]
[BlackElo "956"]
[WhiteClock "00:54:25"]
[BlackClock "01:00:48"]
[PlyCount "41"]
[WhiteFideId "34640797"]
[BlackFideId "533025517"]
[EventCountry "GER"]
[EventRounds "9"]
[EventType "swiss"]
[EventDate "2025.06.07"]

1. e4 {[%clk 01:30:54]} {[%emt 00:00:06]} e5 {[%clk 01:30:56]} {[%emt
00:00:05]} 2. Nf3 {[%clk 01:31:20]} {[%emt 00:00:03]} Nc6 {[%clk 01:31:01]}
{[%emt 00:00:26]} 3. d4 {[%clk 01:31:12]} {[%emt 00:00:37]} exd4 {[%clk
01:31:24]} {[%emt 00:00:07]} 4. Bc4 {[%clk 01:31:30]} {[%emt 00:00:12]} Bc5
{[%clk 01:31:19]} {[%emt 00:00:35]} 5. c3 {[%clk 01:31:51]} {[%emt 00:00:10]}
Nf6 {[%clk 01:31:22]} {[%emt 00:00:26]} 6. e5 {[%clk 01:31:39]} {[%emt
00:00:42]} Ne4 {[%clk 01:27:36]} {[%emt 00:04:16]} 7. Qe2 {[%clk 01:29:36]}
{[%emt 00:02:33]} d5 {[%clk 01:25:43]} {[%emt 00:02:23]} 8. exd6 {[%clk
01:27:50]} {[%emt 00:02:17]} f5 {[%clk 01:25:06]} {[%emt 00:01:06]} 9. Ng5
{[%clk 01:26:02]} {[%emt 00:02:15]} Ne5 {[%clk 01:18:59]} {[%emt 00:06:39]} 10.
Nxe4 {[%clk 01:16:58]} {[%emt 00:09:34]} fxe4 {[%clk 01:18:40]} {[%emt
00:00:48]} 11. Qh5+ {[%clk 01:15:14]} {[%emt 00:02:15]} Ng6 {[%clk 01:16:42]}
{[%emt 00:02:29]} 12. Qxc5 {[%clk 01:14:13]} {[%emt 00:01:31]} dxc3 {[%clk
01:13:52]} {[%emt 00:03:20]} 13. dxc7 {[%clk 01:08:39]} {[%emt 00:06:03]} Qe7
{[%clk 01:11:36]} {[%emt 00:02:48]} 14. Qb5+ {[%clk 01:05:03]} {[%emt
00:04:05]} Qd7 {[%clk 01:10:55]} {[%emt 00:01:09]} 15. Qc5 {[%clk 00:58:55]}
{[%emt 00:06:40]} a6 {[%clk 01:08:46]} {[%emt 00:02:39]} 16. O-O {[%clk
00:55:47]} {[%emt 00:03:37]} cxb2 {[%clk 01:06:12]} {[%emt 00:03:04]} 17. Bxb2
{[%clk 00:55:34]} {[%emt 00:00:43]} Nh4 {[%clk 01:05:03]} {[%emt 00:01:39]} 18.
Ba3 {[%clk 00:53:06]} {[%emt 00:02:59]} b5 {[%clk 01:01:42]} {[%emt 00:03:51]}
19. Qe5+ {[%clk 00:53:05]} {[%emt 00:00:30]} Qe6 {[%clk 01:00:33]} {[%emt
00:04:26]} 20. Bxe6 {[%clk 00:54:48]} {[%emt 00:00:46]} Bxe6 {[%clk 01:00:48]}
{[%emt 00:00:15]} 21. Qxe6# {[%clk 00:54:25]} {[%emt 00:00:22]} 1-0

[Event "ODJM C 2025"]
[Site "Willingen GER"]
[Date "2025.06.13"]
[Round "8"]
[White "Eßers, Mathilda Marie"]
[Black "Ziem, Aurelie"]
[Result "1-0"]
[Termination "normal"]
[Board "25"]
[WhiteElo "1463"]
[BlackElo "786"]
[WhiteClock "00:56:57"]
[BlackClock "01:14:47"]
[PlyCount "87"]
[WhiteFideId "34684093"]
[BlackFideId "533022194"]
[EventCountry "GER"]
[EventRounds "9"]
[EventType "swiss"]
[EventDate "2025.06.07"]

1. d4 {[%clk 01:30:58]} {[%emt 00:00:03]} Nf6 {[%clk 01:30:40]} {[%emt
00:00:20]} 2. Nf3 {[%clk 01:31:21]} {[%emt 00:00:06]} Nc6 {[%clk 01:30:12]}
{[%emt 00:00:58]} 3. c4 {[%clk 01:30:16]} {[%emt 00:01:30]} d5 {[%clk
01:29:46]} {[%emt 00:01:01]} 4. b3 {[%clk 01:29:36]} {[%emt 00:01:11]} Bf5
{[%clk 01:29:31]} {[%emt 00:00:44]} 5. Bf4 {[%clk 01:29:18]} {[%emt 00:00:49]}
Nb4 {[%clk 01:29:20]} {[%emt 00:00:41]} 6. Na3 {[%clk 01:28:41]} {[%emt
00:01:07]} e6 {[%clk 01:28:55]} {[%emt 00:00:55]} 7. e3 {[%clk 01:24:50]}
{[%emt 00:04:21]} Nc6 {[%clk 01:28:57]} {[%emt 00:00:26]} 8. Nc2 {[%clk
01:24:56]} {[%emt 00:00:26]} Bd6 {[%clk 01:27:19]} {[%emt 00:02:07]} 9. Ne5
{[%clk 01:24:38]} {[%emt 00:00:49]} O-O {[%clk 01:25:53]} {[%emt 00:01:56]} 10.
Nxc6 {[%clk 01:24:53]} {[%emt 00:00:15]} bxc6 {[%clk 01:25:50]} {[%emt
00:00:31]} 11. Bxd6 {[%clk 01:25:00]} {[%emt 00:00:24]} Qxd6 {[%clk 01:25:38]}
{[%emt 00:00:41]} 12. Be2 {[%clk 01:24:55]} {[%emt 00:00:36]} Bg6 {[%clk
01:25:11]} {[%emt 00:00:57]} 13. O-O {[%clk 01:24:57]} {[%emt 00:00:28]} e5
{[%clk 01:25:09]} {[%emt 00:00:31]} 14. Qd2 {[%clk 01:19:36]} {[%emt 00:05:43]}
Rfe8 {[%clk 01:24:03]} {[%emt 00:01:43]} 15. Ne1 {[%clk 01:11:49]} {[%emt
00:08:13]} Qe6 {[%clk 01:23:06]} {[%emt 00:01:32]} 16. Nf3 {[%clk 01:10:20]}
{[%emt 00:01:58]} Qf5 {[%clk 01:22:56]} {[%emt 00:00:41]} 17. Nxe5 {[%clk
01:09:13]} {[%emt 00:01:38]} Qg5 {[%clk 01:22:44]} {[%emt 00:00:40]} 18. Nf3
{[%clk 01:04:16]} {[%emt 00:05:30]} Qf5 {[%clk 01:21:32]} {[%emt 00:01:40]} 19.
Nh4 {[%clk 01:01:06]} {[%emt 00:03:36]} Qg5 {[%clk 01:21:18]} {[%emt 00:00:47]}
20. Nxg6 {[%clk 01:01:04]} {[%emt 00:00:34]} Qxg6 {[%clk 01:21:34]} {[%emt
00:00:13]} 21. Qd3 {[%clk 01:00:08]} {[%emt 00:01:24]} Re4 {[%clk 01:21:28]}
{[%emt 00:00:39]} 22. f3 {[%clk 00:59:09]} {[%emt 00:01:30]} Rae8 {[%clk
01:21:06]} {[%emt 00:00:50]} 23. fxe4 {[%clk 00:59:24]} {[%emt 00:00:16]} dxe4
{[%clk 01:21:22]} {[%emt 00:00:14]} 24. Qd1 {[%clk 00:59:04]} {[%emt 00:00:49]}
h6 {[%clk 01:20:53]} {[%emt 00:01:01]} 25. Qe1 {[%clk 00:58:50]} {[%emt
00:00:44]} Ng4 {[%clk 01:20:40]} {[%emt 00:00:43]} 26. Bxg4 {[%clk 00:59:09]}
{[%emt 00:00:10]} Qxg4 {[%clk 01:20:36]} {[%emt 00:00:33]} 27. Qg3 {[%clk
00:59:19]} {[%emt 00:00:21]} Qxg3 {[%clk 01:19:48]} {[%emt 00:01:18]} 28. hxg3
{[%clk 00:58:52]} {[%emt 00:00:57]} Re6 {[%clk 01:19:35]} {[%emt 00:00:43]} 29.
Rf4 {[%clk 00:58:35]} {[%emt 00:00:47]} Re7 {[%clk 01:19:24]} {[%emt 00:00:40]}
30. Raf1 {[%clk 00:58:48]} {[%emt 00:00:17]} a6 {[%clk 01:19:04]} {[%emt
00:00:50]} 31. Rf5 {[%clk 00:59:06]} {[%emt 00:00:11]} Kf8 {[%clk 01:18:19]}
{[%emt 00:01:16]} 32. Ra5 {[%clk 00:58:57]} {[%emt 00:00:40]} f6 {[%clk
01:16:49]} {[%emt 00:02:00]} 33. Rxa6 {[%clk 00:59:11]} {[%emt 00:00:16]} Re6
{[%clk 01:17:03]} {[%emt 00:00:15]} 34. Rf5 {[%clk 00:59:20]} {[%emt 00:00:21]}
Kf7 {[%clk 01:16:52]} {[%emt 00:00:41]} 35. Rc5 {[%clk 00:59:17]} {[%emt
00:00:34]} Re7 {[%clk 01:15:48]} {[%emt 00:01:34]} 36. Raxc6 {[%clk 00:59:34]}
{[%emt 00:00:14]} Kg6 {[%clk 01:15:48]} {[%emt 00:00:29]} 37. Rxc7 {[%clk
00:59:55]} {[%emt 00:00:10]} Re6 {[%clk 01:15:55]} {[%emt 00:00:22]} 38. d5
{[%emt 00:02:59]} Re8 {[%clk 01:15:06]} {[%emt 00:00:03]} 39. d6 {[%clk
00:56:11]} {[%emt 00:03:02]} Rd8 {[%clk 01:15:03]} {[%emt 00:00:32]} 40. Rd5
{[%clk 00:55:56]} {[%emt 00:00:46]} f5 {[%clk 01:14:36]} {[%emt 00:00:56]} 41.
d7 {[%clk 00:56:08]} {[%emt 00:00:19]} Kf6 {[%clk 01:14:26]} {[%emt 00:00:37]}
42. Rc8 {[%clk 00:56:20]} {[%emt 00:00:20]} Rxc8 {[%clk 01:14:35]} {[%emt
00:00:21]} 43. dxc8=Q {[%clk 00:56:41]} {[%emt 00:00:09]} Kg5 {[%clk 01:14:47]}
{[%emt 00:00:18]} 44. Qxf5# {[%clk 00:56:57]} {[%emt 00:00:14]} 1-0

[Event "ODJM C 2025"]
[Site "Willingen GER"]
[Date "2025.06.13"]
[Round "8"]
[White "Prokscha, Kilian"]
[Black "Kiesewetter, Lara"]
[Result "1/2-1/2"]
[Termination "normal"]
[Board "26"]
[WhiteElo "970"]
[BlackElo "1131"]
[WhiteClock "00:34:02"]
[BlackClock "00:26:02"]
[PlyCount "51"]
[WhiteFideId "533002843"]
[BlackFideId "533043736"]
[EventCountry "GER"]
[EventRounds "9"]
[EventType "swiss"]
[EventDate "2025.06.07"]

1. f4 {[%clk 01:30:59]} {[%emt 00:00:01]} Nf6 {[%clk 01:30:45]} {[%emt
00:00:15]} 2. Nf3 {[%clk 01:30:24]} {[%emt 00:01:04]} g6 {[%clk 01:29:26]}
{[%emt 00:01:49]} 3. e3 {[%clk 01:27:00]} {[%emt 00:03:55]} Bg7 {[%clk
01:29:18]} {[%emt 00:00:38]} 4. Be2 {[%clk 01:25:26]} {[%emt 00:02:04]} O-O
{[%clk 01:29:24]} {[%emt 00:00:24]} 5. Nc3 {[%clk 01:23:00]} {[%emt 00:02:55]}
d6 {[%clk 01:28:55]} {[%emt 00:01:00]} 6. O-O {[%clk 01:19:23]} {[%emt
00:04:07]} Re8 {[%clk 01:26:03]} {[%emt 00:03:22]} 7. b3 {[%clk 01:12:04]}
{[%emt 00:07:50]} e5 {[%clk 01:24:14]} {[%emt 00:02:17]} 8. Bb2 {[%clk
01:11:11]} {[%emt 00:01:21]} a6 {[%clk 01:18:59]} {[%emt 00:05:47]} 9. a4
{[%clk 01:07:05]} {[%emt 00:04:37]} Nc6 {[%clk 01:14:33]} {[%emt 00:04:56]} 10.
Ba3 {[%clk 01:04:14]} {[%emt 00:03:21]} Be6 {[%clk 01:01:02]} {[%emt 00:14:01]}
11. b4 {[%clk 00:58:33]} {[%emt 00:06:11]} Nd5 {[%clk 00:52:19]} {[%emt
00:09:13]} 12. Nxd5 {[%clk 00:57:29]} {[%emt 00:01:35]} Bxd5 {[%clk 00:52:30]}
{[%emt 00:00:18]} 13. b5 {[%clk 00:50:55]} {[%emt 00:07:05]} exf4 {[%clk
00:49:44]} {[%emt 00:03:15]} 14. bxc6 {[%clk 00:49:04]} {[%emt 00:02:20]} Bxa1
{[%clk 00:49:25]} {[%emt 00:00:50]} 15. Qxa1 {[%clk 00:49:01]} {[%emt
00:00:32]} Bxc6 {[%clk 00:49:09]} {[%emt 00:00:46]} 16. Bb2 {[%clk 00:48:59]}
{[%emt 00:00:33]} fxe3 {[%clk 00:45:34]} {[%emt 00:04:05]} 17. d3 {[%clk
00:47:25]} {[%emt 00:02:03]} b5 {[%clk 00:43:34]} {[%emt 00:02:31]} 18. Bh8
{[%clk 00:46:39]} {[%emt 00:01:16]} f6 {[%clk 00:40:03]} {[%emt 00:04:00]} 19.
Bxf6 {[%clk 00:45:42]} {[%emt 00:01:27]} Qd7 {[%clk 00:40:26]} {[%emt
00:00:07]} 20. Nd4 {[%clk 00:44:20]} {[%emt 00:01:51]} Rf8 {[%clk 00:29:37]}
{[%emt 00:11:20]} 21. Nxc6 {[%clk 00:39:10]} {[%emt 00:05:40]} Rae8 {[%clk
00:27:12]} {[%emt 00:02:55]} 22. Ne7+ {[%clk 00:37:22]} {[%emt 00:02:17]} Rxe7
{[%clk 00:27:27]} {[%emt 00:00:14]} 23. Bxe7 {[%clk 00:37:17]} {[%emt
00:00:37]} Qxe7 {[%clk 00:26:00]} {[%emt 00:01:57]} 24. Rf2 {[%emt 00:02:43]}
Rf7 25. Rxf7 {[%clk 00:35:04]} Qf8 {[%clk 00:26:02]} 26. Rxf8+ {[%clk
00:34:02]} 1/2-1/2